Sampling Techniques (Record no. 329463)
[ view plain ]
| 000 -LEADER | |
|---|---|
| fixed length control field | 01208 a2200205 4500 |
| 003 - CONTROL NUMBER IDENTIFIER | |
| control field | Nust |
| 005 - DATE AND TIME OF LATEST TRANSACTION | |
| control field | 20170509113657.0 |
| 008 - FIXED-LENGTH DATA ELEMENTS--GENERAL INFORMATION | |
| fixed length control field | 170509b xxu||||| |||| 00| 0 eng d |
| 020 ## - INTERNATIONAL STANDARD BOOK NUMBER | |
| International Standard Book Number | 0 |
| 040 ## - CATALOGING SOURCE | |
| Transcribing agency | 0 |
| 082 ## - DEWEY DECIMAL CLASSIFICATION NUMBER | |
| Classification number | 519.52 COC |
| 100 ## - MAIN ENTRY--PERSONAL NAME | |
| Personal name | Cochran,William .G |
| 9 (RLIN) | 158 |
| 245 ## - TITLE STATEMENT | |
| Title | Sampling Techniques |
| Statement of responsibility, etc. | William G.Cochran |
| 250 ## - EDITION STATEMENT | |
| Edition statement | 3rd ed |
| 260 ## - PUBLICATION, DISTRIBUTION, ETC. | |
| Place of publication, distribution, etc. | Rawalpindi |
| Name of publisher, distributor, etc. | National Book Foundation |
| Date of publication, distribution, etc. | 1977 |
| 300 ## - PHYSICAL DESCRIPTION | |
| Extent | xvii,428 |
| 500 ## - GENERAL NOTE | |
| General note | H.B |
| 505 ## - FORMATTED CONTENTS NOTE | |
| Formatted contents note | Introduction (Page-1), Simple Random Sampling (Pge-18), Sampling Proportions and Percentages (Page-50), The Estimation of Sample Size (Page-72), Stratified Random Sampling (Page-89), Further Aspects of Stratified Sampling (Page-115), Ratio Estimators (Page-150), Regression Estimators (Pge-189), Systematic Sampling (Page-205), Single-Stage Cluster Sampling Clusters of Equal Sizes (Page-233), Single-State Cluster Sampling Clusters of Unequal Sizes (Page-249), Sub sampling with Units of Equal Size (Page-2740, Subsampling with Units of Unequal Sizes (Page-292), Double Sampling (Page-327), Sources of Error in surveys (Page-359), |
| 538 ## - SYSTEM DETAILS NOTE | |
| System details note | Almirah No.1and Shelf No.1 |
| 942 ## - ADDED ENTRY ELEMENTS (KOHA) | |
| Source of classification or shelving scheme | |
| Koha item type | Book |
| Call number prefix | 519.52 COC |
| Withdrawn status | Lost status | Source of classification or shelving scheme | Damaged status | Not for loan | Collection code | Permanent Location | Current Location | Shelving location | Date acquired | Total Checkouts | Full call number | Barcode | Date last seen | Price effective from | Koha item type |
|---|---|---|---|---|---|---|---|---|---|---|---|---|---|---|---|
| Institute of Environmental Science and Engineering (IESE) | Institute of Environmental Science and Engineering (IESE) | General Stacks | 05/09/2017 | 519.52 COC | IESE-1544 | 05/09/2017 | 05/09/2017 | Book | |||||||
| Institute of Environmental Science and Engineering (IESE) | Institute of Environmental Science and Engineering (IESE) | General Stacks | 05/09/2017 | 519.52 COC | IESE-1543 | 05/09/2017 | 05/09/2017 | Book |
